Industrialization and the role of multinational corporations in the Caribbean

Guardat en:
Dades bibliogràfiques
Autor principal: Ashley, Paul
Format: Text
Publicat: s.l.: s.e.
Etiquetes: Afegir etiqueta
Sense etiquetes, Sigues el primer a etiquetar aquest registre!

MARC

LEADER 00000 a a2200000 04500
001 21395
003
040
090 |a 094100  
100 |a Ashley, Paul  
245 |a Industrialization and the role of multinational corporations in the Caribbean  
260 |a s.l.:   |b s.e.  
300 |a 65 p.  
999 |c 14016  |d 14016